Quick Pick: Sweet Words Quiz Stats

 Plays Quiz Updated Sep 28, 2018

Score 0/9 Timer 01:30
2 Plays Today
% Correct
Honeyed
97.8%
Candied
96.8%
Pleasant
96.4%
Luscious
94.8%
Confection
94.8%
Fragrant
92.9%
Gratifying
92.3%
Melodious
92%
Saccharine
87.6%

Today's Daily Dose

Missing Word
1940s A-Z

Quick Pick
'S' Athletes

Get the Picture
Depp or Bonham Carter

You're not logged in!

Compare scores with friends on all Sporcle quizzes.
OR
Log In

Sporcle TV

Today on Sporcle TV


Watch our educational content, quiz creation guides, and fun videos on Sporcle TV.

Show Comments

Extras

Top Quizzes Today


Score Distribution

Your Account Isn't Verified!

In order to create a playlist on Sporcle, you need to verify the email address you used during registration. Go to your Sporcle Settings to finish the process.

Report this User

Report this user for behavior that violates our Community Guidelines.

Details: